Villes traversées par l'autoroute A63 - autoroute de la côte basque - Statistiques

Statistiques générales
  • Ce quiz a été pris 92 fois
  • Le résultat moyen est 7 sur 9
Statistiques - réponses
ville population kilomètre % Correct
Bayonne 54 671 173
99%
Biarritz 26 466 183
99%
Hendaye (Espagne) 18 554 206
86%
Anglet 42 400 179
85%
Bordeaux 268 138 0
85%
Saint-Jean-de-Luz 14 821 195
82%
Dax 21 669 146
63%
Pessac 69 603 3
48%
Talence 46 873 0
43%
Aucun quiz correspondant
Distribution des résultats
% des personnes avec chaque résultat
Percentile par nombre de réponses
Votre historique - résultats
Vous n’avez pas pris ce quiz